Michel Blank und seine Liesel. (Record no. 6431)

MARC details
000 -CABECERA
campo de control de longitud fija 00504nam a2200205 a 4500
001 - NÚMERO DE CONTROL
campo de control BRCA_6748
005 - FECHA Y HORA DE LA ÚLTIMA TRANSACCIÓN
campo de control 20190320205557.0
008 - DATOS DE LONGITUD FIJA--INFORMACIÓN GENERAL
campo de control de longitud fija 241011s1919----gw-#######---#000-0#ger-#
041 ## - CÓDIGO DE LENGUA
Código de lengua del texto/banda sonora o título independiente ger
044 ## - CÓDIGO DEL PAÍS DE LA ENTIDAD EDITORA/PRODUCTORA
Código MARC del país gw
050 #4 - SIGNATURA TOPOGRÁFICA DE LA BIBLIOTECA DEL CONGRESO
Número de clasificación PT2615
Número de documento/Ítem .A16 M5
100 1# - ENTRADA PRINCIPAL--NOMBRE DE PERSONA
Nombre de persona Haas, Rudolf
Fechas asociadas al nombre 1877-
9 (RLIN) 16340
245 10 - MENCIÓN DE TÍTULO
Título Michel Blank und seine Liesel.
Mención de responsabilidad, etc. Rudolf Haas.
260 ## - PUBLICACIÓN, DISTRIBUCIÓN, ETC.
Lugar de publicación, distribución, etc. Leipzig
Nombre del editor, distribuidor, etc. L. Staadmann
Fecha de publicación, distribución, etc. [1919]
300 ## - DESCRIPCIÓN FÍSICA
Extensión 376 p.
Dimensiones 18 cm.
500 ## - NOTA GENERAL
Nota general L80
650 14 - PUNTO DE ACCESO ADICIONAL DE MATERIA--TÉRMINO DE MATERIA
Término de materia o nombre geográfico como elemento de entrada Ficción
9 (RLIN) 16263
902 ## - CATALOGADOR
Iniciales GFM
942 ## - ELEMENTOS DE PUNTO DE ACCESO ADICIONAL (KOHA)
Fuente del sistema de clasificación o colocación Library of Congress Classification
Tipo de ítem Koha Libros
Holdings
Estado de retiro Estado de pérdida Estado dañado No para préstamo Localización permanente Ubicación/localización actual Fecha de adquisición Número de inventario Total de préstamos Signatura topográfica completa Código de barras Fecha visto por última vez Precio válido a partir de Tipo de ítem Koha
El ejemplar forma parte de la colección y puede ser consultado según las políticas vigentes.       Biblioteca del Museo Franz Mayer (Rogerio Casas-Alatriste) Biblioteca del Museo Franz Mayer (Rogerio Casas-Alatriste) 24/10/2011 L80   PT2615 .A16 M5 (L80) 7195 22/03/2019 22/03/2019 Libros